[Event "Tbilisi Municipality Cup "]
[Site "?"]
[Date "2009.06.15"]
[Round "1.29"]
[White "Khurtsidze Nino"]
[Black "Shengelia Nikoloz"]
[Result "1-0"]
[WhiteElo "2424"]
[BlackElo "1910"]
[PlyCount "52"]
[EventDate "2009.??.??"]

1. d4 Nf6 2. c4 e6 3. Nf3 d5 4. Nc3 c6 5. e3 Bd6 6. Qc2 O-O 7. Bd2 Nbd7 8.
O-O-O dxc4 9. e4 e5 10. Bxc4 b5 11. Bb3 Bb7 12. Bg5 exd4 13. Rxd4 Qc7 14. Rhd1
Bf4+ 15. Bxf4 Qxf4+ 16. Kb1 c5 17. Rxd7 Nxd7 18. Rxd7 Bc6 19. Nd5 Qxf3 20. gxf3
Bxd7 21. Qxc5 Kh8 22. Qe7 Rad8 23. f4 a5 24. f5 a4 25. Bc2 Bxf5 26. exf5 Rfe8
1-0

[Event "Tbilisi Municipality Cup "]
[Site "?"]
[Date "2009.06.15"]
[Round "1.30"]
[White "Ervandian Andro"]
[Black "Bregadze Levan"]
[Result "0-1"]
[WhiteElo "1892"]
[BlackElo "2420"]
[PlyCount "94"]
[EventDate "2009.??.??"]

1. c4 Nf6 2. Nc3 g6 3. g3 Bg7 4. Bg2 O-O 5. d4 d6 6. Nf3 Nbd7 7. O-O c6 8. e4
e5 9. Re1 Re8 10. h3 a6 11. d5 cxd5 12. Nxd5 Nxd5 13. cxd5 b5 14. a4 bxa4 15.
Be3 Rb8 16. Qxa4 Rxb2 17. Qa3 Rc2 18. Rec1 Rxc1+ 19. Rxc1 Bf8 20. Nd2 f5 21.
Bf1 f4 22. gxf4 Qh4 23. Nf3 Qh5 24. Bg2 exf4 25. Bxf4 Nc5 26. Nd4 Bh6 27. Bxh6
Qxh6 28. Ne6 Bxe6 29. dxe6 Rxe6 30. Rb1 Qg5 31. Rb8+ Kg7 32. Qb2+ Qe5 33. f3
Qxb2 34. Rxb2 Kf6 35. Rb8 Ke5 36. Bf1 Rf6 37. Kg2 Kd4 38. Ra8 Ke3 39. Bxa6 Rxf3
40. Bb5 Rf2+ 41. Kg1 Nxe4 42. Bc6 Rf5 43. Ra3+ Kf4 44. Rd3 Ng5 45. h4 Nf7 46.
Rd4+ Ke5 47. Re4+ Kf6 0-1

[Event "Tbilisi Municipality Cup "]
[Site "?"]
[Date "2009.06.15"]
[Round "1.31"]
[White "Chighladze Iveri "]
[Black "Benidze Gigla"]
[Result "1-0"]
[WhiteElo "2418"]
[BlackElo "1891"]
[PlyCount "95"]
[EventDate "2009.??.??"]

1. d4 Nf6 2. c4 e6 3. Nc3 Bb4 4. Qc2 O-O 5. a3 Bxc3+ 6. Qxc3 b6 7. Bg5 Bb7 8.
f3 h6 9. Bh4 d6 10. e4 c5 11. dxc5 bxc5 12. O-O-O Nxe4 13. Bxd8 Nxc3 14. Rxd6
Nc6 15. Bh4 Na4 16. b3 Nb6 17. Ne2 e5 18. Kb2 f6 19. Bf2 Nd4 20. Nxd4 cxd4 21.
c5 Nc8 22. Rd7 Rb8 23. h4 a5 24. Rh3 Na7 25. Rg3 g5 26. Bc4+ Kh8 27. Rc7 Rfc8
28. Rf7 Rf8 29. Rxf8+ Rxf8 30. hxg5 fxg5 31. Be1 Nc6 32. b4 axb4 33. axb4 Rb8
34. Ka3 Ne7 35. Rh3 Kg7 36. Bg3 Ng6 37. b5 Ra8+ 38. Kb4 e4 39. c6 Bc8 40. fxe4
Bxh3 41. gxh3 d3 42. Bxd3 Ne7 43. Bc4 Kf8 44. Bd6 Ke8 45. Kc5 Nc8 46. e5 h5 47.
b6 Ra5+ 48. Bb5 1-0

[Event "Tbilisi Municipality Cup "]
[Site "?"]
[Date "2009.06.15"]
[Round "1.32"]
[White "Salayev Teymur"]
[Black "Morchiashvili Bachana"]
[Result "0-1"]
[WhiteElo "1888"]
[BlackElo "2412"]
[PlyCount "81"]
[EventDate "2009.??.??"]

1. e4 c5 2. Nf3 e6 3. d4 cxd4 4. Nxd4 a6 5. Nc3 b5 6. Be3 Bb7 7. Bd3 Qc7 8. O-O
Nf6 9. f3 Be7 10. Qe1 O-O 11. Kh1 b4 12. Na4 d5 13. Rc1 dxe4 14. fxe4 Ng4 15.
Bg1 Nc6 16. Nxc6 Bxc6 17. Nb6 Rab8 18. Nc4 Bg5 19. Rd1 Bb5 20. Qe2 Bxc4 21.
Qxg4 Bh6 22. Rf3 Bxd3 23. cxd3 Qc2 24. Rf2 Qc6 25. Rf6 Kh8 26. Bd4 Qd6 27. e5
Qd5 28. Rxh6 gxh6 29. Qh4 Rg8 30. Rg1 Rg6 31. Qf2 Rbg8 32. Bc5 Qb7 33. Qd2 a5
34. Qf2 h5 35. h4 h6 36. b3 Rg3 37. Kh2 Rxd3 38. Qf6+ Kh7 39. Be7 Rdg3 40.
Qxf7+ R8g7 41. Qf2 0-1

[Event "Tbilisi Municipality Cup "]
[Site "?"]
[Date "2009.06.15"]
[Round "1.33"]
[White "Paichadze Luka"]
[Black "Imnadze Nato"]
[Result "1-0"]
[WhiteElo "2410"]
[BlackElo "1885"]
[PlyCount "43"]
[EventDate "2009.??.??"]

1. e4 e5 2. d4 exd4 3. Qxd4 Nc6 4. Qe3 d6 5. Nc3 g6 6. Bd2 Bg7 7. O-O-O Be6 8.
f4 Nge7 9. h3 h5 10. Nf3 Qd7 11. Bb5 O-O-O 12. Be1 a6 13. Ba4 Qe8 14. Bh4 f6
15. Nd5 b5 16. Bb3 Qf7 17. Qc3 Kb7 18. Nd4 Bxd5 19. Bxd5 Qe8 20. Ne6 Rg8 21.
Nxd8+ Qxd8 22. Bxg8 1-0

[Event "Tbilisi Municipality Cup "]
[Site "?"]
[Date "2009.06.15"]
[Round "1.34"]
[White "Pantsulaia Tornike"]
[Black "Shalamberidze Akaki"]
[Result "0-1"]
[WhiteElo "1876"]
[BlackElo "2381"]
[PlyCount "92"]
[EventDate "2009.??.??"]

1. e4 c6 2. d4 d5 3. exd5 cxd5 4. c4 Nf6 5. Nc3 e6 6. Bg5 Be7 7. Nf3 Nc6 8. Bd3
O-O 9. O-O h6 10. Bh4 b6 11. Bxf6 Bxf6 12. cxd5 exd5 13. Bb5 Qd6 14. Bxc6 Qxc6
15. Ne5 Qb7 16. Qd3 Rd8 17. f4 g6 18. Ne2 Bf5 19. Qe3 Rac8 20. Ng3 Be4 21. Rac1
Kg7 22. Rc3 b5 23. Rfc1 b4 24. Rc5 Re8 25. Rxc8 Rxc8 26. Rxc8 Qxc8 27. Nxe4
dxe4 28. d5 Qc2 29. Qe1 Qxb2 30. Qxe4 Qa1+ 31. Kf2 Qxa2+ 32. Kg3 b3 33. Nd7 Qc2
34. Nxf6 Qc3+ 35. Kf2 Kxf6 36. Qe8 Qd2+ 37. Kg3 Qxd5 38. Qh8+ Ke7 39. Qc3 a5
40. Qc7+ Kf8 41. Qc3 Kg8 42. Kf2 a4 43. Qb4 Qa8 44. Qa3 Qb8 45. f5 gxf5 46. Qb2
a3 0-1

[Event "Tbilisi Municipality Cup "]
[Site "?"]
[Date "2009.06.15"]
[Round "1.35"]
[White "Zarkua Davit"]
[Black "Tsomaia Merab"]
[Result "1-0"]
[WhiteElo "2366"]
[BlackElo "1869"]
[PlyCount "83"]
[EventDate "2009.??.??"]

1. Nf3 f5 2. d4 Nf6 3. c4 g6 4. Nc3 Bg7 5. g3 O-O 6. Bg2 d6 7. O-O Qe8 8. d5
Na6 9. Nd4 Bd7 10. Bg5 h6 11. Bf4 g5 12. Bc1 Qg6 13. e3 Nc5 14. b4 Na6 15. a3
Rac8 16. Ncb5 Ra8 17. Bb2 Ne4 18. f3 Nf6 19. Qd3 c6 20. Nc3 cxd5 21. cxd5 Nc7
22. f4 g4 23. Rae1 Rae8 24. Rf2 h5 25. b5 Kf7 26. e4 fxe4 27. Nxe4 Nxe4 28.
Bxe4 Qh6 29. Bf5 Bxd4 30. Bxd7 Bxf2+ 31. Kxf2 Rd8 32. Be6+ Ke8 33. b6 axb6 34.
Qc2 h4 35. Kg1 hxg3 36. hxg3 Nxe6 37. dxe6 Rg8 38. f5 Qh3 39. Re3 Rg5 40. f6
Qh5 41. Qc7 exf6 42. Bxf6 1-0

[Event "Tbilisi Municipality Cup "]
[Site "?"]
[Date "2009.06.15"]
[Round "1.36"]
[White "Tsirekidze Giorgi"]
[Black "Tsereteli Tamar"]
[Result "0-1"]
[WhiteElo "1852"]
[BlackElo "2365"]
[PlyCount "40"]
[EventDate "2009.??.??"]

1. d4 d5 2. c4 e6 3. Nc3 Bb4 4. Nf3 Nf6 5. Bg5 h6 6. Bxf6 Qxf6 7. e3 O-O 8. Bd3
c5 9. O-O Rd8 10. cxd5 exd5 11. Qd2 Nc6 12. dxc5 d4 13. exd4 Nxd4 14. Nxd4 Qxd4
15. Rfd1 Bf5 16. Bxf5 Qxd2 17. Rxd2 Rxd2 18. Na4 Rad8 19. Bg4 Ba5 20. a3 R2d4
0-1

[Event "Tbilisi Municipality Cup "]
[Site "?"]
[Date "2009.06.15"]
[Round "1.37"]
[White "Gvetadze Sopio"]
[Black "Mahmudov Islam Farman og"]
[Result "1-0"]
[WhiteElo "2364"]
[BlackElo "1838"]
[PlyCount "67"]
[EventDate "2009.??.??"]

1. e4 Nf6 2. e5 Nd5 3. d4 d6 4. c4 Nb6 5. exd6 exd6 6. h3 Be7 7. Nf3 Bf5 8. Be2
O-O 9. O-O Bf6 10. Nc3 Nc6 11. Bf4 Re8 12. Rc1 h6 13. b3 Qd7 14. Bg3 Re7 15. d5
Ne5 16. Nd4 Bh7 17. Kh2 Rae8 18. f4 Ng6 19. Bg4 Qd8 20. Nf5 Rd7 21. Qf3 Nf8 22.
h4 Bxf5 23. Bxf5 Rde7 24. Ne4 Nbd7 25. Nxf6+ Nxf6 26. Rce1 N8d7 27. h5 Nc5 28.
Rxe7 Rxe7 29. Bh4 Qe8 30. Bxf6 gxf6 31. Qg4+ Kh8 32. Qh4 Kg7 33. Rf3 Re3 34.
Qg3+ 1-0

[Event "Tbilisi Municipality Cup "]
[Site "?"]
[Date "2009.06.15"]
[Round "1.38"]
[White "Tevzadze Mariam"]
[Black "Charkhalashvili Inga"]
[Result "0-1"]
[WhiteElo "1836"]
[BlackElo "2363"]
[PlyCount "66"]
[EventDate "2009.??.??"]

1. d4 Nf6 2. Nf3 e6 3. Bg5 c5 4. e3 Nc6 5. c3 d5 6. Nbd2 Be7 7. Bd3 h6 8. Bh4
O-O 9. Rc1 Qb6 10. b3 cxd4 11. exd4 Bd7 12. O-O Rfc8 13. Bb1 Ba3 14. Bxf6 gxf6
15. Rc2 f5 16. Ne5 Nxe5 17. dxe5 Bf8 18. Kh1 Bb5 19. c4 dxc4 20. Nxc4 Bxc4 21.
bxc4 Rd8 22. Qh5 Rd4 23. f4 Rxf4 24. Rg1 Qxg1+ 25. Kxg1 Bc5+ 26. Rf2 Rxf2 27.
h4 Rb2+ 28. Kh2 Rxb1 29. Qxh6 Be7 30. Qf4 Rd8 31. h5 Kh7 32. h6 Rb2 33. Qg3 Rg8
0-1

[Event "Tbilisi Municipality Cup "]
[Site "?"]
[Date "2009.06.15"]
[Round "1.39"]
[White "Lomsadze Davit"]
[Black "Tedoshvili Dimitri"]
[Result "1-0"]
[WhiteElo "2342"]
[BlackElo "1834"]
[PlyCount "58"]
[EventDate "2009.??.??"]

1. Nf3 Nf6 2. g3 g6 3. Bg2 Bg7 4. O-O O-O 5. d3 d5 6. Nbd2 c5 7. e4 e6 8. c3
Nc6 9. Re1 b6 10. Qa4 Bb7 11. Nf1 a6 12. Qc2 b5 13. e5 Ne8 14. h4 h5 15. N1h2
d4 16. Bg5 Qd7 17. cxd4 Nxd4 18. Nxd4 Bxg2 19. Kxg2 cxd4 20. Rac1 Bh8 21. Qc6
Qxc6+ 22. Rxc6 Ng7 23. Rec1 Nf5 24. Nf3 Bg7 25. Rc7 Rfb8 26. Bf6 Bxf6 27. exf6
Rd8 28. Ng5 Nd6 29. R1c6 b4 1-0

[Event "Tbilisi Municipality Cup "]
[Site "?"]
[Date "2009.06.15"]
[Round "1.40"]
[White "Khakhutashvili Alexandre"]
[Black "Gelazonia Parmen"]
[Result "0-1"]
[WhiteElo "1830"]
[BlackElo "2328"]
[PlyCount "58"]
[EventDate "2009.??.??"]

1. e4 c5 2. Nf3 Nc6 3. d4 cxd4 4. Nxd4 Nf6 5. Nc3 d6 6. Be2 g6 7. Be3 Bg7 8.
Nb3 O-O 9. f3 Be6 10. Qd2 a5 11. O-O d5 12. exd5 Nxd5 13. Nxd5 Qxd5 14. Qxd5
Bxd5 15. c3 a4 16. Nc5 a3 17. b3 Bxc3 18. Rac1 Bb2 19. Rcd1 Nb4 20. Bd4 Rfd8
21. Bxb2 axb2 22. a4 b6 23. Ne4 Bxe4 24. fxe4 Na2 25. Rb1 Rd2 26. Bc4 e6 27.
Rf2 Rxf2 28. Kxf2 Nc3 29. Rxb2 Nd1+ 0-1

[Event "Tbilisi Municipality Cup "]
[Site "?"]
[Date "2009.06.15"]
[Round "1.41"]
[White "Purtseladze Maka"]
[Black "Nadirashvili Shalva"]
[Result "1-0"]
[WhiteElo "2327"]
[BlackElo "1830"]
[PlyCount "87"]
[EventDate "2009.??.??"]

1. d4 d5 2. c4 e6 3. Nc3 c6 4. e4 dxe4 5. Nxe4 Bb4+ 6. Bd2 Bxd2+ 7. Qxd2 Nf6 8.
Nxf6+ Qxf6 9. Nf3 Nd7 10. O-O-O O-O 11. Bd3 Re8 12. Qe3 Qe7 13. h4 c5 14. d5
exd5 15. Qxe7 Rxe7 16. cxd5 Nf6 17. Bc4 Bf5 18. d6 Ree8 19. Ng5 Bg6 20. h5 Nxh5
21. d7 Red8 22. Bxf7+ Bxf7 23. Nxf7 Kxf7 24. Rxh5 b6 25. Rxh7 Rab8 26. Rd3 Kg6
27. Rh1 Rb7 28. Rhd1 Kf7 29. Kc2 Ke6 30. f4 b5 31. g4 a5 32. Rd5 Rc7 33. f5+
Ke7 34. g5 a4 35. Re5+ Kf7 36. Rdd5 b4 37. g6+ Kf8 38. Rd2 Rcxd7 39. Rxd7 Rxd7
40. Rxc5 Ke7 41. Rc8 Rb7 42. Rg8 Kd6 43. Rf8 a3 44. Kb3 1-0

[Event "Tbilisi Municipality Cup "]
[Site "?"]
[Date "2009.06.15"]
[Round "1.42"]
[White "Shamatava Ana"]
[Black "Guramishvili Sopiko"]
[Result "0-1"]
[WhiteElo "1825"]
[BlackElo "2325"]
[PlyCount "86"]
[EventDate "2009.??.??"]

1. e4 c5 2. Nf3 d6 3. d4 cxd4 4. Nxd4 Nf6 5. Nc3 Nc6 6. Bg5 e6 7. Qd2 Qb6 8.
Nb3 a6 9. O-O-O Be7 10. f3 O-O 11. Be3 Qc7 12. g4 b5 13. Qf2 Nd7 14. h4 Na5 15.
Nxa5 Qxa5 16. Kb1 Bb7 17. h5 Rac8 18. g5 b4 19. Ne2 Nc5 20. Bxc5 Rxc5 21. h6 g6
22. Qd4 e5 23. Qd2 Rfc8 24. Rc1 d5 25. Bh3 Rd8 26. Qe3 Qc7 27. Ng3 d4 28. Qd2
a5 29. Rhg1 a4 30. Bf1 Bc8 31. Bd3 Be6 32. Ne2 Qa5 33. Rcd1 Rdc8 34. Nc1 Ra8
35. Qf2 Qd8 36. Qg3 b3 37. cxb3 axb3 38. Nxb3 Bxb3 39. axb3 Qa5 40. Bc4 Qa2+
41. Kc2 Rb8 42. f4 Rxc4+ 43. bxc4 Rxb2+ 0-1

[Event "Tbilisi Municipality Cup "]
[Site "?"]
[Date "2009.06.15"]
[Round "1.43"]
[White "Tqebuchava Gocha"]
[Black "Gogishvili Dea"]
[Result "1-0"]
[WhiteElo "2318"]
[BlackElo "1810"]
[PlyCount "79"]
[EventDate "2009.??.??"]

1. d4 d5 2. c4 e6 3. Nf3 c6 4. g3 dxc4 5. Bg2 b5 6. Ne5 Bb7 7. a4 Bb4+ 8. Nc3
Qc7 9. O-O Bxc3 10. bxc3 f6 11. Nf3 Ne7 12. Ba3 O-O 13. Bh3 Kf7 14. Qb1 Nd7 15.
axb5 cxb5 16. Qxb5 Bd5 17. Qb4 Nb6 18. Nd2 Rfb8 19. e4 Bb7 20. Qd6 Qxd6 21.
Bxd6 Re8 22. Rfb1 Bc6 23. Rb4 Nec8 24. Bc5 g6 25. Bg2 a5 26. Rxb6 Nxb6 27. Bxb6
a4 28. Nxc4 Reb8 29. d5 Bd7 30. e5 Ra6 31. Bc5 exd5 32. Bxd5+ Kg7 33. e6 Bxe6
34. Bxe6 Rxe6 35. Rxa4 Rc8 36. Bd4 Rec6 37. Ra7+ R8c7 38. Rxc7+ Rxc7 39. Ne3
Kf7 40. Bxf6 1-0

[Event "Tbilisi Municipality Cup "]
[Site "?"]
[Date "2009.06.15"]
[Round "1.44"]
[White "Nuri Murad"]
[Black "Yilmaz Turhan"]
[Result "1-0"]
[WhiteElo "1808"]
[BlackElo "2317"]
[PlyCount "78"]
[EventDate "2009.??.??"]

1. e4 e5 2. Nf3 Nc6 3. Bb5 f5 4. d3 fxe4 5. dxe4 Bb4+ 6. c3 Bc5 7. Qd5 Qe7 8.
Bxc6 bxc6 9. Qxe5 Ba6 10. Bg5 Qxe5 11. Nxe5 h6 12. Bh4 g5 13. Bg3 Rh7 14. h4
Re7 15. hxg5 hxg5 16. Nd2 O-O-O 17. O-O-O Rde8 18. Nef3 g4 19. Nd4 Nf6 20. e5
Nd5 21. Ne4 Bb6 22. Nf5 Rxe5 23. Ned6+ cxd6 24. Nxd6+ Kd8 25. Nf7+ Kc8 26. Bxe5
Rf8 27. Nd6+ Kd8 28. c4 Ne7 29. Bg7 Rg8 30. Bf6 Rf8 31. Rde1 Rxf6 32. Rh8+ Kc7
33. Ne8+ Kb7 34. Nxf6 Nf5 35. Rh7 Bxf2 36. Rxd7+ Kb6 37. Re8 Bxc4 38. Rb8+ Ka6
39. Nxg4 Bb6 1-0

[Event "Tbilisi Municipality Cup "]
[Site "?"]
[Date "2009.06.15"]
[Round "1.45"]
[White "Mamedjarova Zeinab"]
[Black "Sulamanidze Mariam "]
[Result "1-0"]
[WhiteElo "2316"]
[BlackElo "1808"]
[PlyCount "45"]
[EventDate "2009.??.??"]

1. d4 Nf6 2. Nf3 g6 3. c4 Bg7 4. g3 d5 5. cxd5 Nxd5 6. Bg2 O-O 7. O-O Nb6 8.
Nc3 Nc6 9. d5 Na5 10. e4 e6 11. Bg5 Qd7 12. Bh3 h6 13. Bf4 Nac4 14. b3 Bxc3 15.
bxc4 Bxa1 16. Qxa1 Kh7 17. c5 Nxd5 18. exd5 Qxd5 19. Ne5 f6 20. Rd1 Qxc5 21.
Nd7 Bxd7 22. Rxd7+ Kh8 23. Bxh6 1-0

[Event "Tbilisi Municipality Cup "]
[Site "?"]
[Date "2009.06.15"]
[Round "1.46"]
[White "Kobeshavidze Lika"]
[Black "Mgeladze Tamaz"]
[Result "0-1"]
[WhiteElo "1803"]
[BlackElo "2303"]
[PlyCount "84"]
[EventDate "2009.??.??"]

1. e4 c5 2. Nc3 g6 3. g3 Bg7 4. Bg2 Nc6 5. Nge2 Nf6 6. O-O O-O 7. d3 d6 8. h3
Rb8 9. f4 Nd7 10. Kh2 b5 11. Nd5 b4 12. Ne3 a5 13. f5 Nde5 14. g4 Ba6 15. Nd5
e6 16. Ndf4 Qd7 17. Ng3 a4 18. g5 Rfc8 19. h4 a3 20. Bh3 Re8 21. Rb1 axb2 22.
Bxb2 Nd4 23. Bxd4 cxd4 24. h5 exf5 25. exf5 Qa4 26. fxg6 hxg6 27. hxg6 Nxg6 28.
Nfh5 Be5 29. Nf6+ Kg7 30. Nxe8+ Rxe8 31. Rc1 Bb7 32. Rf5 Qxa2 33. Rxe5 Rxe5 34.
Nf5+ Kf8 35. Nxd6 Qd5 36. Ne4 Rxe4 37. dxe4 Qe5+ 38. Kg1 Qg3+ 39. Bg2 Bxe4 40.
Qd2 Bxg2 41. Qxg2 Qe3+ 42. Kh1 Qxc1+ 0-1

[Event "Tbilisi Municipality Cup "]
[Site "?"]
[Date "2009.06.15"]
[Round "1.47"]
[White "Batsiahvili Nino"]
[Black "Ebralidze Alexandre"]
[Result "1-0"]
[WhiteElo "2300"]
[BlackElo "1798"]
[PlyCount "123"]
[EventDate "2009.??.??"]

1. d4 d5 2. c4 e6 3. Nc3 Be7 4. Nf3 Nf6 5. Bg5 O-O 6. e3 h6 7. Bh4 b6 8. Bd3
dxc4 9. Bxc4 Bb7 10. O-O Nbd7 11. Qe2 Ne4 12. Bg3 Ndf6 13. Rac1 Nxg3 14. hxg3
c5 15. Rfd1 Qc7 16. e4 cxd4 17. Nxd4 Rac8 18. Ncb5 Qe5 19. Nxa7 Rc7 20. Ndb5
Rd7 21. Rxd7 Nxd7 22. Nc3 Bc5 23. a3 Qxg3 24. b4 Qb8 25. bxc5 Qxa7 26. Nb5 Qa8
27. cxb6 Nxb6 28. Bd3 Nd7 29. Bb1 Qa4 30. Qc4 Qxc4 31. Rxc4 Ba6 32. Rb4 Rc8 33.
a4 Rb8 34. f3 Nc5 35. Bc2 Bxb5 36. axb5 Kf8 37. Kf2 Ke7 38. Ke3 e5 39. Bd1 Kd6
40. Be2 Kc7 41. Rb2 Rd8 42. b6+ Kb7 43. Bc4 f6 44. Bd5+ Ka6 45. b7 Rb8 46. Rc2
Kb6 47. g4 Rd8 48. Kf2 Rb8 49. Kg3 Na6 50. Rc4 Nc7 51. Bc6 Ne6 52. Kf2 Nd8 53.
Bd5 g6 54. Kg3 g5 55. Rc1 Nxb7 56. Rc6+ Ka5 57. Rxf6 Rh8 58. Rf7 Rb8 59. Rh7
Kb6 60. Rxh6+ Kc7 61. Bxb7 Rxb7 62. Rg6 1-0

[Event "Tbilisi Municipality Cup "]
[Site "?"]
[Date "2009.06.15"]
[Round "1.48"]
[White "Chkuaseli Revaz"]
[Black "Zeynalov Ferid"]
[Result "1-0"]
[WhiteElo "1788"]
[BlackElo "2299"]
[PlyCount "75"]
[EventDate "2009.??.??"]

1. e4 e5 2. Nf3 Nf6 3. Nxe5 d6 4. Nf3 Nxe4 5. d4 d5 6. Bd3 Nc6 7. O-O Be7 8. c4
Nb4 9. cxd5 Nxd3 10. Qxd3 Qxd5 11. Re1 Bf5 12. Nc3 Nxc3 13. Qxc3 Be6 14. Qxc7
Bd6 15. Qc3 O-O 16. Be3 Rac8 17. Qd2 Bf5 18. Rec1 Be4 19. Ne1 Rce8 20. f3 Bg6
21. Nd3 Qb5 22. Nc5 Re7 23. a4 Qe8 24. Re1 Qb8 25. g3 Rfe8 26. Bf2 b6 27. Nb3
a5 28. Rxe7 Rxe7 29. d5 Bb4 30. Qd1 Rd7 31. Rc1 Qd8 32. Qd4 Rd6 33. Rc6 Rxd5
34. Qxb6 Rd1+ 35. Kg2 Qd3 36. Rc8+ Bf8 37. Qb5 Qb1 38. Rxf8+ 1-0

[Event "Tbilisi Municipality Cup "]
[Site "?"]
[Date "2009.06.15"]
[Round "1.49"]
[White "Javakhadze Zurab"]
[Black "Gorduladze Giorgi"]
[Result "1-0"]
[WhiteElo "2288"]
[BlackElo "1788"]
[PlyCount "51"]
[EventDate "2009.??.??"]

1. Nf3 Nf6 2. g3 g6 3. Bg2 Bg7 4. O-O O-O 5. c4 d5 6. cxd5 Nxd5 7. Nc3 c5 8.
Nxd5 Qxd5 9. d3 Nc6 10. Be3 Rb8 11. Qd2 Qd6 12. Bh6 b6 13. Rac1 Bb7 14. Rc4 Nd4
15. Nxd4 cxd4 16. Bxb7 Rxb7 17. Rfc1 Bxh6 18. Qxh6 Rd7 19. R1c2 Qd5 20. e4 Qd6
21. Rc6 Qb4 22. h4 Rfd8 23. Kg2 Rd6 24. Rc7 Qb5 25. Rxe7 Qxd3 26. Qf4 1-0

[Event "Tbilisi Municipality Cup "]
[Site "?"]
[Date "2009.06.15"]
[Round "1.50"]
[White "Macharashvili Tekla"]
[Black "Poghosyan Suren"]
[Result "1-0"]
[WhiteElo "1786"]
[BlackElo "2285"]
[PlyCount "61"]
[EventDate "2009.??.??"]

1. e4 c5 2. Nf3 Nc6 3. d4 cxd4 4. Nxd4 Nf6 5. Nc3 e6 6. Be2 Bb4 7. O-O Bxc3 8.
bxc3 Nxe4 9. Qd3 d5 10. Nxc6 bxc6 11. Ba3 Qf6 12. c4 Qc3 13. cxd5 Qxd3 14. Bxd3
cxd5 15. Rfe1 Nf6 16. Rab1 Kd8 17. Rb3 Re8 18. f4 Nd7 19. Bb5 a5 20. Bc6 Ra6
21. Bb5 Ra8 22. c4 dxc4 23. Rb2 e5 24. Rd1 c3 25. Rc2 exf4 26. Rxc3 Re3 27.
Rxc8+ Kxc8 28. Bxd7+ Kc7 29. Bd6+ Kxd7 30. Bxf4+ Ke6 31. Bxe3 1-0

[Event "Tbilisi Municipality Cup"]
[Site "?"]
[Date "2009.06.16"]
[Round "2.1"]
[White "Qashashvili Alexandre"]
[Black "Jobava Baadur"]
[Result "1/2-1/2"]
[WhiteElo "2271"]
[BlackElo "2687"]
[PlyCount "138"]
[EventDate "2009.??.??"]

1. e4 c5 2. Nf3 d6 3. d4 cxd4 4. Nxd4 Nf6 5. Nc3 a6 6. Bc4 g6 7. O-O Bg7 8. Re1
O-O 9. Bg5 b5 10. Bb3 Bb7 11. a4 bxa4 12. Bxa4 Qb6 13. Nb3 e6 14. Qd2 Rc8 15.
Rad1 d5 16. Be3 Qc7 17. exd5 Nxd5 18. Nxd5 Bxd5 19. Bd4 Bxd4 20. Nxd4 Nd7 21.
Bxd7 Qxd7 22. b3 Qb7 23. f3 Qb6 24. Qe3 Rab8 25. c4 Ba8 26. h3 Rc5 27. Rd3 Ra5
28. Red1 Ra2 29. Kh1 h5 30. Qe5 Re8 31. c5 Qb8 32. Qxb8 Rxb8 33. Nxe6 fxe6 34.
Rd8+ Rxd8 35. Rxd8+ Kf7 36. Rxa8 Rc2 37. b4 Rc4 38. Rb8 h4 39. Rb6 a5 40. bxa5
Rxc5 41. Rb4 Rxa5 42. Rxh4 e5 43. Kh2 Ra2 44. Kg3 Kf6 45. Rb4 g5 46. h4 gxh4+
47. Rxh4 Kf5 48. Rh5+ Kf6 49. Rh8 Ra4 50. Re8 Ra7 51. Rb8 Ra4 52. Rb2 Kf5 53.
Kf2 Kf4 54. g3+ Kf5 55. Rb3 e4 56. Rb5+ Kf6 57. Rb6+ Kf5 58. g4+ Kf4 59. Rf6+
Kg5 60. Rf5+ Kg6 61. f4 Ra3 62. Ke1 Rg3 63. Rg5+ Kf6 64. Kd2 Rd3+ 65. Ke2 Rf3
66. Rf5+ Kg6 67. Ke1 Rg3 68. Rg5+ Kf6 69. Kd1 Rd3+ 1/2-1/2

[Event "Tbilisi Municipality Cup"]
[Site "?"]
[Date "2009.06.16"]
[Round "2.2"]
[White "Pashikian Arman"]
[Black "Inants Aghasi"]
[Result "1-0"]
[WhiteElo "2655"]
[BlackElo "2274"]
[PlyCount "71"]
[EventDate "2009.??.??"]

1. d4 d5 2. c4 c6 3. Nf3 Nf6 4. e3 e6 5. b3 Nbd7 6. Bb2 Bd6 7. Bd3 O-O 8. O-O
b6 9. Nbd2 Bb7 10. Ne5 c5 11. cxd5 cxd4 12. Nxd7 Nxd7 13. dxe6 Nc5 14. exf7+
Kh8 15. Nc4 Nxd3 16. Nxd6 Qxd6 17. Qxd3 Qd5 18. f3 dxe3 19. Qxe3 Qxf7 20. Rad1
Rad8 21. Qg5 Rd7 22. Rfe1 Kg8 23. Rxd7 Qxd7 24. Re7 Qd1+ 25. Kf2 Qc2+ 26. Kg3
Qxb2 27. Rxb7 a5 28. Qd5+ Kh8 29. Rxb6 Qxa2 30. Ra6 Qb1 31. h3 Qc1 32. Rxa5
Qc7+ 33. Qe5 Qb6 34. Rb5 Qg6+ 35. Kh2 Re8 36. Rb8 1-0

[Event "Tbilisi Municipality Cup"]
[Site "?"]
[Date "2009.06.16"]
[Round "2.3"]
[White "Khurtsilava Inga"]
[Black "Kobalia Mikhail"]
[Result "0-1"]
[WhiteElo "2270"]
[BlackElo "2645"]
[PlyCount "116"]
[EventDate "2009.??.??"]

1. d4 Nf6 2. Nf3 d5 3. e3 c5 4. Nbd2 Nc6 5. a3 cxd4 6. exd4 Bf5 7. b3 Rc8 8.
Bb2 e6 9. c4 dxc4 10. Nxc4 Be7 11. Bd3 Bxd3 12. Qxd3 O-O 13. O-O Qd5 14. Rad1
Rfd8 15. Rfe1 Bf8 16. Nfe5 b5 17. Ne3 Nxe5 18. Nxd5 Nxd3 19. Nxf6+ gxf6 20.
Rxd3 Rc2 21. Bc1 Rd5 22. Kf1 Bd6 23. h3 h5 24. b4 f5 25. f4 Rc4 26. Be3 Bc7 27.
Rc1 Bb6 28. Rcd1 f6 29. Ke2 Kf7 30. Kf3 Rc8 31. g3 Ke7 32. Kg2 Rc2+ 33. Kf3 Rd7
34. R1d2 Rxd2 35. Rxd2 Rc7 36. Ke2 Kd6 37. Kd3 Kd5 38. Rg2 Rc4 39. g4 hxg4 40.
hxg4 Bxd4 41. Bd2 fxg4 42. Rxg4 f5 43. Rg8 Bb6 44. Re8 Bc7 45. Be3 a6 46. Ra8
Bxf4 47. Bc5 e5 48. Rd8+ Ke6 49. Rd6+ Kf7 50. Rxa6 e4+ 51. Ke2 Bg5 52. a4 bxa4
53. Rxa4 f4 54. Ra2 Rc1 55. Kf2 Ke6 56. Ba7 Rb1 57. Bc5 Kf5 58. Re2 Bh4+ 0-1

[Event "Tbilisi Municipality Cup"]
[Site "?"]
[Date "2009.06.16"]
[Round "2.4"]
[White "Gagunashvili Merab"]
[Black "Namir Mohammed Ismael"]
[Result "1-0"]
[WhiteElo "2591"]
[BlackElo "2271"]
[PlyCount "87"]
[EventDate "2009.??.??"]

1. Nf3 Nf6 2. c4 e6 3. Nc3 d5 4. d4 Be7 5. Bf4 O-O 6. e3 b6 7. cxd5 Nxd5 8.
Nxd5 Qxd5 9. Bd3 Bb4+ 10. Ke2 Bd6 11. Bg3 Bb7 12. Qc2 h6 13. Rhc1 Bxg3 14. hxg3
Rc8 15. Qc4 Nd7 16. Qxd5 Bxd5 17. Ba6 Rf8 18. Rxc7 Nf6 19. a3 Ne8 20. Re7 Nd6
21. Rd7 Rfd8 22. Rxd8+ Rxd8 23. Rc1 b5 24. Rc7 Rb8 25. Rxa7 Nc4 26. Nd2 Bxg2
27. Rc7 Nxb2 28. f3 h5 29. Rc8+ Rxc8 30. Bxc8 Na4 31. Bd7 g5 32. Kf2 Bh3 33.
Bxb5 Nc3 34. Bc6 Kf8 35. Ne4 Nxe4+ 36. Bxe4 Ke7 37. f4 f6 38. Bf3 h4 39. fxg5
fxg5 40. g4 Kd6 41. a4 Kc7 42. a5 Kb8 43. e4 Kc7 44. e5 1-0

[Event "Tbilisi Municipality Cup"]
[Site "?"]
[Date "2009.06.16"]
[Round "2.5"]
[White "Arabidze Meri"]
[Black "Mchedlishvili Mikheil"]
[Result "0-1"]
[WhiteElo "2258"]
[BlackElo "2586"]
[PlyCount "108"]
[EventDate "2009.??.??"]

1. d4 d6 2. Nf3 g6 3. c4 Bg7 4. g3 Nf6 5. Bg2 O-O 6. O-O c6 7. Nc3 Qa5 8. Qc2
Qh5 9. Re1 e5 10. d5 cxd5 11. Nxd5 Nxd5 12. cxd5 Na6 13. Nd2 Bh3 14. Ne4 Rad8
15. Bxh3 Qxh3 16. Be3 h6 17. Bxa7 f5 18. Nc3 h5 19. Bb6 Rc8 20. Qd2 h4 21. Qg5
Rc4 22. e4 hxg3 23. hxg3 Rb4 24. Ba5 Rxb2 25. Rab1 Rxf2 26. Kxf2 Qh2+ 27. Kf3
Nc5 28. Qxg6 f4 29. Ne2 fxg3+ 30. Ke3 Qh6+ 31. Qxh6 Bxh6+ 32. Nf4 Rxf4 33. Rh1
Kg7 34. Bc7 g2 35. Rhg1 Rf7+ 36. Ke2 Rxc7 37. Rxg2+ Kf6 38. Rb4 Bf4 39. Rg8 Rh7
40. Rf8+ Ke7 41. Ra8 Rh3 42. Ra7 Kd7 43. a4 Kc7 44. Ra8 Re3+ 45. Kd1 Rxe4 46.
Rxe4 Nxe4 47. Kc2 Nc5 48. a5 e4 49. Rf8 Be5 50. Rg8 Nd7 51. Rg4 Nf6 52. Rh4 Kb8
53. Kb3 Ka7 54. Kc4 Ka6 0-1